000 05400nam a22003977a 4500
005 20091215110858.0
020 _a812191647x
_c50.00
035 _aB-383419-435
037 _bएस.चन्द एण्ड कम्पनी/ PUB
082 _a915.4
100 _aखांडपुर, स्वर्ण
_91365
245 _aभारत दर्शनः आगरा /
_cस्वर्ण खांडपुर; ए.एन.कपूर द्वारा अनुदित
260 _aनई दिल्ली
_bएस.चन्द एण्ड कम्पनी
_c1998
270 _aरामनगर
_bनई दिल्ली
_e110055
_k7772080-81-82
_l91 11 7777446
_mschand@schand.com
300 _a46पृ.
_bसचित्र
_c22सेमी (अजिल्द)
700 _aकपूर, ए.एन.
_91366
942 _2ddc
_cCH
_h915.4
_mखांडपु
999 _c32833
_d32833